000 01024 a2200205 4500
001 63398
005 20260407155931.0
008 260407a1955 arg spa d
003 AR-UNSa-BCEJYS
040 _aAR-UNSa-BCEJYS
_bspa
_cAR-UNSa-BCEJYS
080 _a519.2
_xProbabilidades y estadística matemática
245 1 0 _aLa probabilidad y sus aplicaciones
264 1 _aBuenos Aires :
_bIbero-Americana
_c1955
300 _axi, 238 p.
_c23 cm.
505 _a1. La definición clásica y definiciones modernas – 2. Principios fundamentales de la teoría de probabilidades – 3. Historia y problemas clásicos de la teoría de las probabilidades – 4. Aplicaciones a los juegos de azar – 5. Probabilidades geométricas – 6. Aplicaciones a la aritmética – 7. Aplicaciones a la astronomía – 8. Aplicaciones a la física – 9. Aplicaciones al tiro – 10. Aplicaciones a los seguros de vida –
041 _aspa
942 _cBK
590 _aniveau_biblio:m niveau_hierar:0
100 1 _aSantalo, Luis A.
999 _c8159
_d8159